| 000 | 00686nam a22002417a 4500 | ||
|---|---|---|---|
| 005 | 20230213092732.0 | ||
| 008 | 230213b ||||| |||| 00| 0 eng d | ||
| 020 | _a8170149940 | ||
| 040 | _cAL | ||
| 041 | _aeng | ||
| 082 |
_223 _a346.066 _bKAPC |
||
| 100 |
_aKapoor G K _972042 |
||
| 245 | _aCorporate laws and secretarial practice | ||
| 260 |
_aNew Delhi _bSultan Chand & Sons _c2002 |
||
| 300 |
_aviii,654p. _bPB _c23x15cm. |
||
| 365 |
_2Law _b150.00 _c₹ _d150.00 |
||
| 650 |
_aCompany Management _972043 |
||
| 650 |
_aBoard Meetings _972044 |
||
| 650 |
_aCompany Meetings _972045 |
||
| 650 |
_aAccounts and Audit _972046 |
||
| 700 |
_aKAPOOR (G K) _972047 |
||
| 942 |
_2ddc _cDB |
||
| 999 |
_c226678 _d226678 |
||